01347nac a22003977a 4500001001000000003000900010005001700019008003400036040005400070072000800124090001900132100001900151100002100170100002100191100001600212100001800228110005400246245006200300260003500362300001000397490008600407500002300493650000900516650001200525650003100537650003600568650002300604650002500627650002200652650003500674650001100709909004700720942001700767999001900784952014600803BR0401505BR-BrBNA20240105122949.0230509b bl.|||m| |||| 00| 0 por d aBR-BrBNAbporcBiblioteca Nacional de Agricultura aF30 a0336 BR04015051 aEl-Husny, J.C.1 aAndrade, E.B. de1 aCorrêa, J.R.V.1 aKlepker, D.1 aAlmeida, L.A.1 aEMBRAPA Amazônia Oriental, Belém, PA (Brasil)1 aComportamento de cultivares de soja em Santarém, Pará3 aBelém, PA (Brasil): c2001.  a28 p. aCircular Técnica - EMBRAPA Amazônia Oriental (Brazil)vno. 25xISSN 1517-221X a12 tables; 23 ref. aSOJA aSEMENTE aCOMPORTAMENTO DE VARIEDADE aCARACTERÍSTICAS AGRONÔMICAS aCONTROLE QUÍMICO aCONTROLE BIOLÓGICO aANÁLISE DO SOLO aPROPRIEDADE FÍSICO-QUÍMICA aPARÁ a202312bLúcia Elandec55dLúcia Elande 2AGRISn0cMS c293480d293480 002AGRIS40708Acervo Gerala41918b41918cAGROBASEl0o0336 BR0401505p0336 BR0401505r2023-12-18yMSePortaria Interministerial nº 164/94